[Event "1st Fischer Mem GM 2017"]
[Site "Heraklion GRE"]
[Date "2017.04.22"]
[Round "7.1"]
[White "Theodorou,Nikolas"]
[Black "Pavlidis,Ana"]
[Result "1-0"]
[WhiteElo "2487"]
[BlackElo "2380"]

1.e4 d6 2.d4 Nf6 3.Nc3 Nbd7 4.Nf3 e5 5.Bc4 Be7 6.O-O O-O 7.Re1 c6 8.a4 b6
9.Bg5 a6 10.d5 c5 11.Qe2 Ne8 12.Be3 g6 13.Nd2 f5 14.exf5 gxf5 15.f4 e4 16.g4
Ndf6 17.gxf5 Bxf5 18.Kh1 Kh8 19.Rg1 Nc7 20.Rg5 Qd7 21.Rag1 b5 22.Qg2 Ng4
23.Rxg4 Bxg4 24.Be2 h5 25.h3 b4 26.Nd1 Rf7 27.hxg4 hxg4 28.Qxe4 g3 29.Rxg3 Bh4
30.Bg4 Qe7 31.Rh3 Rh7 32.Bf5 {#r} 1-0

[Event "1st Capablanca Mem IM"]
[Site "Heraklion GRE"]
[Date "2017.04.22"]
[Round "7.4"]
[White "Anagnostopoulos,Konstantinos"]
[Black "Van Heirzeele,D"]
[Result "1-0"]
[WhiteElo "2201"]
[BlackElo "2146"]

1.d4 Nf6 2.c4 e6 3.Nc3 Bb4 4.e3 b6 5.Bd3 Bb7 6.Ne2 Bxg2 7.Rg1 Be4 8.a3 Bxd3
9.Qxd3 Bf8 10.e4 d6 11.f4 e5 12.dxe5 dxe5 13.Qxd8+ Kxd8 14.fxe5 Nfd7 15.e6
fxe6 16.Nd4 Kc8 17.Nxe6 Bd6 18.Rxg7 Bxh2 19.Bf4 Bxf4 20.Nxf4 Rf8 21.Nfd5 Na6
22.b4 c6 23.Ne7+ Kc7 24.b5 {#r} 1-0

[Event "20th Heraklion Open 2017"]
[Site "Heraklion GRE"]
[Date "2017.04.22"]
[Round "7.2"]
[White "Friedel,M"]
[Black "Wallace,P"]
[Result "1-0"]
[WhiteElo "2182"]
[BlackElo "2231"]

1.e4 c5 2.c3 d5 3.exd5 Qxd5 4.d4 Nf6 5.Nf3 Bg4 6.dxc5 Qxd1+ 7.Kxd1 Nc6 8.Be3
Nd5 9.Bc4 Nxe3+ 10.fxe3 O-O-O+ 11.Nd2 e6 12.b4 Be7 13.Kc2 Bf5+ 14.Kb3 Bg6
15.Rad1 Rd7 16.Be2 Bd3 17.Bxd3 Rxd3 18.Nc4 Rhd8 19.Nd6+ R3xd6 20.cxd6 Bxd6
21.Rd2 a6 22.Rhd1 Kc7 23.c4 b6 24.a3 h6 25.e4 f6 26.Nd4 {#r} 1-0

[Event "20th Heraklion Open 2017"]
[Site "Heraklion GRE"]
[Date "2017.04.22"]
[Round "7.3"]
[White "Antic,De"]
[Black "Maris,Io"]
[Result "0-1"]
[WhiteElo "2472"]
[BlackElo "1967"]

1.d4 Nf6 2.c4 e6 3.g3 d5 4.Bg2 Be7 5.Nf3 O-O 6.O-O Nbd7 7.Nc3 dxc4 8.e4 c6
9.Bf4 Bb4 10.Qc2 b5 11.e5 Nd5 12.Ng5 g6 13.Bd2 Be7 14.h4 Rb8 15.Rfe1 Nb4
16.Qd1 Nd3 17.Re4 Nxb2 18.Qg4 f5 19.exf6 Nxf6 20.Qe2 Nxe4 21.Qxe4 Nd3 22.Nxe6
Bxe6 23.Qxe6+ Kg7 24.Ne4 Bf6 25.h5 Bxd4 26.Rf1 Qe8 27.Qh3 Rd8 28.Ng5 Rd6
29.hxg6 Qxg6 30.Be4 Nxf2 31.Rxf2 Bxf2+ 32.Kg2 Rxd2 33.Bxg6 Be3+ 34.Kh1 Rd1+
35.Kg2 Rf2# 0-1

[Event "20th Heraklion Open 2017"]
[Site "Heraklion GRE"]
[Date "2017.04.22"]
[Round "7.8"]
[White "Bras,E"]
[Black "Kouvidis,Ioannis"]
[Result "1-0"]
[WhiteElo "1898"]
[BlackElo "1387"]

1.d4 Nf6 2.c4 g6 3.g3 Bg7 4.Bg2 O-O 5.Nc3 d6 6.Nf3 Nbd7 7.O-O e5 8.dxe5 Nxe5
9.Nxe5 dxe5 10.Bg5 Qxd1 11.Rfxd1 c6 12.Rd6 Ne8 13.Rd2 f6 14.Be3 Be6 15.Na4
Bxc4 16.Nc5 Rf7 17.b3 Bd5 18.Rxd5 cxd5 19.Bxd5 Rb8 20.Rd1 b6 21.Bxf7+ Kxf7
22.Rd7+ Kf8 23.Ne6+ Kg8 24.Rxa7 f5 25.f3 Bf6 26.Bh6 Nd6 27.a4 Rc8 28.Nc7 g5
29.Nd5 Bd8 30.Rg7+ Kh8 31.Rd7 Ne8 32.Kf2 f4 33.Ke1 Rb8 34.Rf7 {#r} 1-0

[Event "20th Heraklion Open 2017"]
[Site "Heraklion GRE"]
[Date "2017.04.22"]
[Round "7.9"]
[White "Sourgkounis,A"]
[Black "Fragiadakis,E"]
[Result "0-1"]
[WhiteElo "1960"]
[BlackElo "1827"]

1.Nf3 Nf6 2.g3 c5 3.c4 b6 4.Bg2 Bb7 5.Nc3 e6 6.O-O Be7 7.a3 O-O 8.Rb1 d5
9.cxd5 Nxd5 10.Nxd5 Bxd5 11.b3 Nc6 12.d3 f5 13.Re1 e5 14.e4 fxe4 15.dxe4 Be6
16.Qxd8 Raxd8 17.Ng5 Bxg5 18.Bxg5 Rd3 19.Re3 Rd2 20.Rf3 Rxf3 21.Bxf3 Rd3
22.Bd1 Nd4 23.Be3 Nxb3 24.Be2 Rc3 25.a4 Nd4 26.Bd1 Bc4 27.Bd2 Rd3 28.Be3 Ra3
29.Bc1 Ra2 30.Be3 Kf8 31.f3 Bd3 32.Rc1 c4 33.Bxd4 exd4 34.e5 c3 35.Bb3 Rb2
{#R} 0-1

[Event "20th Heraklion Open 2017"]
[Site "Heraklion GRE"]
[Date "2017.04.22"]
[Round "7.10"]
[White "Lampadariou,Nikolaos"]
[Black "Predeftakis,Georgios"]
[Result "1-0"]
[WhiteElo "1948"]
[BlackElo "1688"]

1.d4 Nf6 2.c4 e6 3.Nf3 b6 4.a3 d5 5.cxd5 exd5 6.Nc3 Be7 7.g3 O-O 8.Bg2 Bb7
9.O-O Nbd7 10.Bg5 Ne4 11.Bxe7 Qxe7 12.Rc1 c6 13.e3 Nd6 14.Nd2 f5 15.b4 b5
16.a4 a6 17.a5 Rf6 18.Re1 Ne4 19.Ncxe4 fxe4 20.Qb3 Qf7 21.Rf1 Rf8 22.f3 exf3
23.Nxf3 Qh5 24.e4 g5 25.exd5 cxd5 26.Rc7 g4 27.Nd2 Rxf1+ 28.Nxf1 Qf5 29.Rxb7
Nf6 30.Qe3 Ne4 31.Rc7 Nf2 32.Qe7 {#r} 1-0

[Event "20th Heraklion Open 2017"]
[Site "Heraklion GRE"]
[Date "2017.04.22"]
[Round "7.12"]
[White "Koutsourakis,Ioannis"]
[Black "Vitsaxaki,Iris"]
[Result "1-0"]
[WhiteElo "1543"]
[BlackElo "1345"]

1.d4 Nf6 2.c4 e6 3.Nc3 Bb4 4.e3 O-O 5.Ne2 c6 6.a3 Ba5 7.b4 Bc7 8.Bb2 d5 9.Ng3
Nbd7 10.c5 b6 11.Bd3 e5 12.O-O Rb8 13.Qc2 bxc5 14.bxc5 Ba5 15.Rab1 Qc7 16.Qa4
Rxb2 17.Rxb2 Bxc3 18.Rb3 exd4 19.exd4 Qa5 20.Qxa5 Bxa5 21.Nf5 Ne8 22.Ne7+ Kh8
23.Nxc8 Nef6 24.Nxa7 Ra8 25.Nxc6 Bc7 26.Bf5 Nf8 27.Rb7 {#r} 1-0

[Event "ch-FRA Junior 2017"]
[Site "Belfort FRA"]
[Date "2017.04.22"]
[Round "8.2"]
[White "Lamard,G"]
[Black "Kern,Nicolas"]
[Result "1-0"]
[WhiteElo "2307"]
[BlackElo "2085"]

1.d4 d5 2.c4 c6 3.Nf3 Nf6 4.Nc3 dxc4 5.a4 Bf5 6.e3 e6 7.Bxc4 Na6 8.O-O Nb4
9.Qe2 Be7 10.e4 Bg6 11.Bf4 Qa5 12.Rfd1 O-O 13.Nd2 Qh5 14.f3 Nc2 15.g4 Qh3
16.Qf2 Nxg4 17.fxg4 Qxg4+ 18.Bg3 Nxa1 19.Rxa1 Rad8 20.Re1 Qg5 21.Nb3 Rd7 22.h4
Qh6 23.Kh2 Kh8 24.Rf1 Rdd8 25.Kh3 Bh5 26.Bf4 Qf6 27.Qe1 h6 28.Be5 Qg6 29.Rg1
Qh7 30.Rxg7 Qxg7 31.Bxg7+ Kxg7 32.e5 Rg8 33.Bd3 f5 34.exf6+ Bxf6 35.Ne4 Rdf8
36.Nbc5 Kh8 37.Nxf6 Rxf6 38.Qe5 Bg4+ 39.Kh2 Rf8 40.Nd7 Kg7 41.Nxf8 {#r} 1-0

[Event "PSS Prestige Rapid 2017"]
[Site "Johannesburg RSA"]
[Date "2017.04.22"]
[Round "1.2"]
[White "Bornheim,C"]
[Black "Grover,S"]
[Result "0-1"]
[WhiteElo "1968"]
[BlackElo "2473"]

1.d4 Nf6 2.c4 e6 3.Nf3 d5 4.Nc3 c6 5.Bg5 h6 6.Bh4 dxc4 7.e4 g5 8.Bg3 b5 9.Be2
Bg7 10.O-O Bb7 11.Ne5 Nbd7 12.f4 Nxe5 13.fxe5 Nd7 14.d5 O-O 15.dxe6 fxe6
16.Qd6 Rxf1+ 17.Rxf1 Nf8 18.Bh5 Qxd6 19.exd6 Bd4+ 20.Kh1 e5 21.Rf6 b4 22.Ne2
Bxb2 23.Rf7 Bc8 24.Re7 Be6 25.Rb7 a5 26.Rc7 a4 27.Rxc6 a3 {#R} 0-1

[Event "PSS Prestige Rapid 2017"]
[Site "Johannesburg RSA"]
[Date "2017.04.22"]
[Round "1.3"]
[White "Makoto,R"]
[Black "De Abreu,Roberto N"]
[Result "1-0"]
[WhiteElo "2378"]
[BlackElo "2110"]

1.Nf3 c5 2.c4 Nc6 3.d4 cxd4 4.Nxd4 Nf6 5.Nc3 e6 6.g3 Qb6 7.Nc2 Ne5 8.Ne3 Nfg4
9.Nxg4 Nxg4 10.e3 Qc6 11.e4 Ne5 12.Qe2 Bb4 13.f4 Bxc3+ 14.bxc3 Ng6 15.Ba3 b5
16.Bg2 Qxc4 17.Qxc4 bxc4 18.e5 Rb8 19.O-O f6 20.Bd6 Rb5 21.Rfb1 Ba6 22.Rxb5
Bxb5 23.Rb1 Ba6 24.Rb4 Kf7 25.Ra4 Bb5 26.Rxa7 Rc8 27.Bb7 Rc6 28.a4 fxe5 {#r}
1-0

[Event "PSS Prestige Rapid 2017"]
[Site "Johannesburg RSA"]
[Date "2017.04.22"]
[Round "1.5"]
[White "Sriram,J"]
[Black "Parodi,A"]
[Result "1-0"]
[WhiteElo "2396"]
[BlackElo "2027"]

1.e4 d6 2.d4 Nf6 3.f3 g6 4.c4 Bg7 5.Nc3 O-O 6.Nge2 Nc6 7.Be3 a6 8.Qd2 Rb8
9.Rc1 h5 10.b3 Kh7 11.g3 e5 12.d5 Ne7 13.b4 Nd7 14.Bg2 f5 15.O-O Nf6 16.c5
fxe4 17.fxe4 Ng4 18.Bg5 Bh6 19.Rxf8 Qxf8 20.Rf1 Qg7 21.h3 Bxg5 22.Qxg5 Nh6
23.cxd6 cxd6 24.Qe3 Neg8 25.Qa7 Qc7 26.Nb5 Ra8 27.Qxa8 axb5 28.Rc1 Qb6+ 29.Kh2
Bxh3 30.Kxh3 Qf2 31.Qxb7+ Kh8 32.Rc7 Nf6 33.Qc8+ Nhg8 34.Qf8 {#r} 1-0

[Event "PSS Prestige Rapid 2017"]
[Site "Johannesburg RSA"]
[Date "2017.04.22"]
[Round "1.7"]
[White "Van Rensburg,R"]
[Black "Steyn,H"]
[Result "1-0"]
[WhiteElo "2236"]
[BlackElo "1820"]

1.Nf3 Nf6 2.c4 g6 3.b3 Bg7 4.Bb2 d6 5.g3 O-O 6.Bg2 c6 7.O-O Nbd7 8.Qc2 Re8
9.d4 Qa5 10.Nbd2 e5 11.Bc3 Qc7 12.dxe5 dxe5 13.Qb2 h6 14.Rad1 Kh7 15.Ne1 Nh5
16.Nd3 f5 17.e4 Bf6 18.Rfe1 f4 19.gxf4 exf4 20.e5 Bg7 21.Ne4 Nf8 22.Bf3 Ne6
23.Kh1 Rg8 24.Rg1 Qe7 25.Nf6+ Bxf6 26.exf6 Qf8 27.Rde1 Ng5 28.Re7+ Nf7 29.Ne5
{#r} 1-0

[Event "PSS Prestige Rapid 2017"]
[Site "Johannesburg RSA"]
[Date "2017.04.22"]
[Round "1.8"]
[White "Mazibuko,Khanya"]
[Black "Hercules,B"]
[Result "0-1"]
[WhiteElo "1856"]
[BlackElo "2163"]

1.e4 c5 2.Nf3 Nc6 3.d4 cxd4 4.Nxd4 Nf6 5.Nc3 d6 6.Bg5 e6 7.Qd2 a6 8.O-O-O h6
9.Bh4 Nxe4 10.Nxe4 Qxh4 11.f3 d5 12.g3 Qd8 13.Qc3 Qa5 14.Nxc6 Qxc3 15.Nxc3
bxc6 16.f4 Be7 17.Ne2 O-O 18.Nd4 Bd7 19.Be2 c5 20.Nf3 Rfd8 21.Ne5 Be8 22.Rhe1
f6 23.Nf3 Bf7 24.Bf1 Bd6 25.Bh3 Re8 26.Rd2 e5 27.fxe5 Bxe5 28.Bd7 Re7 29.Bc6
Rd8 30.Nh4 Bxb2+ {#R} 0-1

[Event "PSS Prestige Rapid 2017"]
[Site "Johannesburg RSA"]
[Date "2017.04.22"]
[Round "1.9"]
[White "Pon,M"]
[Black "Swartz,David"]
[Result "1-0"]
[WhiteElo "2165"]
[BlackElo "1724"]

1.e4 c5 2.Nf3 d6 3.g3 Nc6 4.Bg2 Bg4 5.h3 Bxf3 6.Qxf3 e6 7.O-O Be7 8.c3 Ne5
9.Qe2 c4 10.Na3 Rc8 11.f4 Nd3 12.Nxc4 Nxc1 13.Raxc1 Qc7 14.Ne3 h5 15.d4 Qb6
16.Kh1 a6 17.Rc2 Qb5 18.c4 Qd7 19.Qd3 b5 20.cxb5 Rxc2 21.Qxc2 axb5 22.e5 d5
23.f5 Bg5 24.fxe6 fxe6 25.Qg6+ {#r} 1-0

[Event "PSS Prestige Rapid 2017"]
[Site "Johannesburg RSA"]
[Date "2017.04.22"]
[Round "1.12"]
[White "Frick,D"]
[Black "Barrish,Daniel"]
[Result "0-1"]
[WhiteElo "1778"]
[BlackElo "2252"]

1.e4 c5 2.Nf3 e6 3.d4 cxd4 4.Nxd4 a6 5.Be2 Nf6 6.Nc3 Bb4 7.Qd3 d6 8.O-O O-O
9.Bg5 Nbd7 10.Kh1 h6 11.Bxf6 Nxf6 12.a3 Bxc3 13.bxc3 Qc7 14.c4 e5 15.Nf5 Bxf5
16.exf5 e4 17.Qd4 Rfe8 18.g4 Qc6 19.h4 e3+ 20.f3 h5 21.Kh2 hxg4 22.fxg4 Re4
23.Qd3 Nxg4+ 24.Kg3 Ne5 25.Rf4 Nxd3 {#R} 0-1

[Event "PSS Prestige Rapid 2017"]
[Site "Johannesburg RSA"]
[Date "2017.04.22"]
[Round "1.13"]
[White "Klaver,C"]
[Black "Tembo,Epah"]
[Result "1-0"]
[WhiteElo "2117"]
[BlackElo "1819"]

1.Nf3 e6 2.b3 d5 3.Bb2 c5 4.e3 Nc6 5.d4 Nf6 6.a3 a5 7.Bd3 Bd7 8.O-O b6 9.Nbd2
g6 10.c4 Bg7 11.Rc1 cxd4 12.exd4 O-O 13.Ne5 Nxe5 14.dxe5 Ne8 15.Qe2 Nc7
16.Rfd1 Rb8 17.a4 Na6 18.cxd5 Nc5 19.d6 Nxd3 20.Qxd3 f6 21.exf6 Bxf6 22.Bxf6
Qxf6 23.Ne4 Qf4 24.Rc7 Rbd8 25.f3 Rf5 26.Qd4 Rd5 27.Nf6+ Qxf6 28.Qxf6 Rxd1+
29.Kf2 Rf8 30.Qc3 Rxd6 31.g4 Rd5 32.Qe3 e5 33.h3 b5 34.axb5 Rd6 35.Qxe5 Rdf6
36.Rxd7 Rxf3+ 37.Ke2 Rf2+ 38.Kd3 R8f3+ 39.Kc4 Rc2+ 40.Kd5 {#r} 1-0

[Event "PSS Prestige Rapid 2017"]
[Site "Johannesburg RSA"]
[Date "2017.04.22"]
[Round "1.17"]
[White "Paiva,Donaldo"]
[Black "Shlaka,Nizar"]
[Result "1-0"]
[WhiteElo "2159"]
[BlackElo "1826"]

1.d4 Nf6 2.c4 c6 3.Nc3 d5 4.Nf3 dxc4 5.a4 Bf5 6.Ne5 Nbd7 7.Nxc4 Qc7 8.g3 e5
9.dxe5 Nxe5 10.Bf4 Nfd7 11.Bg2 O-O-O 12.Qc1 f6 13.O-O g5 14.Nxe5 Nxe5 15.Be3
Nc4 16.Bxa7 b6 17.Nb5 cxb5 18.axb5 Nd2 19.Bxb6 Qxc1 20.Rfxc1+ Kd7 21.Bxd8 Kxd8
22.Rd1 Bb4 23.Ra8+ Bc8 24.Rc1 Kd7 25.Bh3+ Kd8 {#r} 1-0

[Event "PSS Prestige Rapid 2017"]
[Site "Johannesburg RSA"]
[Date "2017.04.22"]
[Round "2.1"]
[White "Grover,S"]
[Black "Mosetlhe,K"]
[Result "1-0"]
[WhiteElo "2473"]
[BlackElo "2162"]

1.e4 e5 2.Nf3 Nc6 3.Nc3 Nf6 4.Bb5 Nd4 5.Bc4 Bc5 6.d3 d6 7.h3 c6 8.Nxd4 Bxd4
9.Ne2 Bb6 10.Ng3 h6 11.Qf3 Qe7 12.a4 Be6 13.Nf5 Bxf5 14.Qxf5 a6 15.O-O O-O
16.Bd2 Rad8 17.Rae1 Nh7 18.Kh2 Qf6 19.Qxf6 Nxf6 20.f4 exf4 21.Bxf4 Nh5 22.Be3
Bc7 23.Kg1 d5 24.exd5 cxd5 25.Bb3 Ng3 26.Rf3 Rfe8 27.Kf2 f5 28.Rxg3 f4 29.Bxf4
Rf8 30.Rf3 Rxf4 31.Re7 Bb6+ 32.Kg3 Rxf3+ 33.Kxf3 Rf8+ 34.Kg4 g6 35.Bxd5+ Kh8
36.Rxb7 h5+ 37.Kg5 Bd8+ 38.Kh6 {#r} 1-0

[Event "PSS Prestige Rapid 2017"]
[Site "Johannesburg RSA"]
[Date "2017.04.22"]
[Round "2.2"]
[White "Barrish,Daniel"]
[Black "Makoto,R"]
[Result "0-1"]
[WhiteElo "2252"]
[BlackElo "2378"]

1.d4 Nf6 2.c4 e6 3.Nf3 d5 4.g3 Be7 5.Bg2 O-O 6.O-O dxc4 7.Qc2 b5 8.a4 b4 9.Ne5
Qxd4 10.Nxc4 Nd5 11.Rd1 Qf6 12.e4 c6 13.exd5 cxd5 14.Ne3 Nd7 15.Ng4 Qg6
16.Qxg6 hxg6 17.b3 Ba6 18.Bf1 Bb7 19.Bb2 Rac8 20.Nd2 Rc2 21.Rab1 a5 22.Ne3
Rcc8 23.Rdc1 Bf6 24.Bxf6 gxf6 25.Bb5 Nb6 26.f4 e5 27.Ng4 exf4 28.Nxf6+ Kg7
29.Nd7 Nxd7 30.Bxd7 Rc3 31.gxf4 Rd8 32.Bg4 Ba6 33.Kf2 Bd3 34.Ra1 Rh8 35.Rxc3
bxc3 36.Nf1 Bxf1 37.Rxf1 Rxh2+ 38.Ke3 Rd2 39.Bf3 d4+ 40.Ke4 f5+ 41.Kd5 c2
42.Kc4 d3 {#R} 0-1

[Event "PSS Prestige Rapid 2017"]
[Site "Johannesburg RSA"]
[Date "2017.04.22"]
[Round "2.4"]
[White "Bouah,L"]
[Black "Sriram,J"]
[Result "0-1"]
[WhiteElo "2115"]
[BlackElo "2396"]

1.d4 Nf6 2.c4 g6 3.Nc3 Bg7 4.e4 O-O 5.Nf3 d6 6.Be2 Bg4 7.O-O Nfd7 8.h3 Bxf3
9.Bxf3 Nc6 10.Be3 e5 11.dxe5 dxe5 12.Qd2 Nd4 13.Bd1 c6 14.Ne2 Nc5 15.f3 Nce6
16.Nc3 Qe7 17.g3 Rad8 18.Qg2 Qb4 19.f4 Qxc4 20.f5 Qd3 21.Bc1 gxf5 22.exf5 Nxf5
23.Bc2 Qd4+ 24.Kh1 Ne3 25.Bxe3 Qxe3 26.Rae1 Qh6 27.Re4 Rd2 28.Rf2 Rxf2 29.Qxf2
Nd4 30.Bd3 Qxh3+ 31.Kg1 Qf5 32.Qg2 Qf3 33.Qxf3 Nxf3+ 34.Kg2 f5 35.Re2 e4
36.Bc4+ Kh8 37.g4 b5 38.Bb3 Nd4 39.Re1 Nxb3 40.axb3 fxg4 41.Rxe4 h5 42.Re7
Bxc3 43.bxc3 Rf3 {#R} 0-1

[Event "PSS Prestige Rapid 2017"]
[Site "Johannesburg RSA"]
[Date "2017.04.22"]
[Round "2.5"]
[White "Oberholzer,Francois"]
[Black "Van Rensburg,R"]
[Result "0-1"]
[WhiteElo "2034"]
[BlackElo "2236"]

1.e4 c5 2.b4 cxb4 3.a3 bxa3 4.d4 d6 5.c3 Nf6 6.Bd3 g6 7.Ne2 Bg7 8.O-O O-O
9.Nxa3 Nc6 10.h3 e5 11.f4 exd4 12.cxd4 Re8 13.e5 Nd5 14.Kh1 dxe5 15.fxe5 Qh4
16.Nf4 Be6 17.Nxe6 fxe6 18.Nb5 Nxd4 19.Ra4 Bxe5 20.Nxd4 Qg3 21.Nf3 Nc3 22.Qb3
Nxa4 23.Qxa4 Rf8 24.Nxe5 Rxf1+ 25.Bxf1 Qxe5 26.Bf4 Qf5 27.Bc4 Rd8 28.Bg3 Kf7
29.Qxa7 Qe4 30.Qc5 Rd7 31.Bb5 Qd4 32.Qc8 Re7 33.Kh2 Kg7 34.Qb8 e5 35.Qc8 e4
36.Bc4 Qf6 37.Qf8+ Qxf8 {#R} 0-1

[Event "PSS Prestige Rapid 2017"]
[Site "Johannesburg RSA"]
[Date "2017.04.22"]
[Round "2.12"]
[White "Ateka,N"]
[Black "Van Zyl-Rudd,Jack"]
[Result "1-0"]
[WhiteElo "2123"]
[BlackElo "2075"]

1.c4 Nf6 2.g3 e5 3.Bg2 c6 4.Nf3 e4 5.Nd4 d5 6.O-O Be7 7.cxd5 cxd5 8.Nc3 O-O
9.d3 exd3 10.Qxd3 Nc6 11.Nf5 Bxf5 12.Qxf5 d4 13.Ne4 Nxe4 14.Bxe4 g6 15.Qb5 Qd7
16.Bf4 Bf6 17.Rac1 Rac8 18.Rfd1 Rfe8 19.Bf3 Qe7 20.Kg2 Kg7 21.b3 Rcd8 22.h3 g5
23.Bd2 h6 24.Qf5 Ne5 25.Be4 Ng6 26.Bd3 Qd6 27.Rc4 Re5 28.Qf3 Rd7 29.Bb4 Qb6
30.Ba3 Ra5 31.Bb4 Rb5 32.Be1 Rc5 33.Rdc1 Re5 34.Rc8 Qa5 35.Bxa5 {#r} 1-0

[Event "PSS Prestige Rapid 2017"]
[Site "Johannesburg RSA"]
[Date "2017.04.22"]
[Round "2.14"]
[White "De Abreu,Roberto N"]
[Black "Frick,D"]
[Result "1-0"]
[WhiteElo "2110"]
[BlackElo "1778"]

1.d4 d5 2.c4 c6 3.Nf3 Nf6 4.Nc3 dxc4 5.a4 Bf5 6.Ne5 Qc7 7.Bf4 e6 8.Ng6 Qb6
9.Nxh8 Qxb2 10.Qc1 Qb4 11.g4 Nxg4 12.Bg2 Nf6 13.O-O b6 14.Bxb8 Rxb8 15.Bxc6+
Ke7 16.e4 Bh3 17.e5 Ng4 18.Rb1 Qa5 19.Qg5+ {#r} 1-0

[Event "PSS Prestige Rapid 2017"]
[Site "Johannesburg RSA"]
[Date "2017.04.22"]
[Round "3.2"]
[White "Makoto,R"]
[Black "Hercules,B"]
[Result "1-0"]
[WhiteElo "2378"]
[BlackElo "2163"]

1.Nf3 c5 2.c4 Nc6 3.g3 g6 4.Bg2 Bg7 5.O-O a6 6.Nc3 Rb8 7.a3 b5 8.cxb5 axb5
9.b4 cxb4 10.axb4 d5 11.Qb3 Nf6 12.d4 Bg4 13.Rd1 e6 14.Ne5 Nxe5 15.dxe5 Nd7
16.h3 Bf5 17.e4 Bxe4 18.Nxe4 Nxe5 19.Bb2 O-O 20.Nc5 Qd6 21.Ra6 Nc6 22.Bxg7
Kxg7 23.Nxe6+ fxe6 24.Qc3+ d4 25.Qxc6 Qxb4 26.Ra7+ Kh6 27.Qc7 {#r} 1-0

[Event "PSS Prestige Rapid 2017"]
[Site "Johannesburg RSA"]
[Date "2017.04.22"]
[Round "3.4"]
[White "Sriram,J"]
[Black "Alice,M"]
[Result "0-1"]
[WhiteElo "2396"]
[BlackElo "2173"]

1.d4 Nf6 2.Nf3 e6 3.Bf4 c5 4.e3 Qb6 5.Na3 cxd4 6.Nb5 Nd5 7.Qxd4 Na6 8.Qxb6
axb6 9.Nd6+ Bxd6 10.Bxd6 f6 11.Bc4 Ndc7 12.O-O-O Kf7 13.e4 Ne8 14.Rhe1 Nb8
15.Ba3 Nc6 16.Kb1 Ra4 17.Bb3 Ra8 18.Nd4 Na5 19.Nb5 Nxb3 20.axb3 h5 21.h4 g5
22.hxg5 fxg5 23.e5 Kg6 24.Rd3 h4 25.Rf3 d5 26.exd6 Bd7 27.Nc7 Nxc7 28.dxc7 g4
29.Rf4 e5 30.Rxe5 h3 31.gxh3 gxh3 32.Be7 Ra5 33.Rf6+ Kg7 34.Re3 Rg5 35.Bd8 h2
36.Re7+ Kg8 37.b4 h1=Q+ 38.Ka2 Qd5+ 39.b3 Rg7 40.Re8+ Kh7 41.Re1 Bg4 42.f3
Rxd8 {#R} 0-1

[Event "PSS Prestige Rapid 2017"]
[Site "Johannesburg RSA"]
[Date "2017.04.22"]
[Round "3.5"]
[White "Amonatov,F"]
[Black "Mabusela,J"]
[Result "1-0"]
[WhiteElo "2632"]
[BlackElo "2250"]

1.e4 e6 2.d4 d5 3.e5 c5 4.c3 Nc6 5.Nf3 Bd7 6.a3 Nge7 7.b4 cxd4 8.cxd4 b5 9.Nc3
a6 10.Bd3 Nc8 11.O-O Nb6 12.Be3 Nc4 13.Nd2 Qh4 14.g3 Qd8 15.h4 Be7 16.Qg4 g6
17.h5 Qc7 18.Bxc4 bxc4 19.Nf3 O-O-O 20.Bg5 h6 21.Bxe7 Nxe7 22.Qf4 Rdf8 23.Rfb1
f5 24.b5 g5 25.Qd2 axb5 26.Ne1 Bc6 27.Nc2 Kd7 28.Nb4 Ra8 29.Nxc6 Nxc6 30.Rxb5
Ra5 31.a4 Qa7 32.Rab1 Rxb5 33.axb5 Nxd4 34.Qe3 Qc5 35.Na4 Qa7 36.Qa3 Qc7
37.Nc5+ Ke8 38.b6 Qxe5 39.b7 Kf7 40.b8=Q Rxb8 41.Qa7+ {#r} 1-0

[Event "PSS Prestige Rapid 2017"]
[Site "Johannesburg RSA"]
[Date "2017.04.22"]
[Round "3.6"]
[White "Mosetlhe,K"]
[Black "Jurgensen,G"]
[Result "1-0"]
[WhiteElo "2162"]
[BlackElo "2007"]

1.Nf3 Nf6 2.c4 g6 3.b4 a5 4.b5 Bg7 5.Bb2 d6 6.g3 b6 7.Bg2 Bb7 8.O-O O-O 9.d4
Nbd7 10.Nbd2 Ne4 11.Re1 Rb8 12.Rc1 f5 13.Nxe4 Bxe4 14.Ng5 Bxg2 15.Kxg2 Qc8
16.Ne6 Rf7 17.Rc2 Qb7+ 18.f3 Bf6 19.e4 fxe4 20.Rxe4 Nf8 21.Nf4 Re8 22.Rce2 Bg5
23.Nd5 e6 24.Bc1 Bxc1 25.Qxc1 Rd8 26.Nf4 d5 27.cxd5 exd5 28.Re5 Kg7 29.Nh5+
gxh5 30.Qg5+ Ng6 31.Qxd8 Nxe5 32.Rxe5 c6 33.Qg5+ Kf8 34.Qh6+ Rg7 35.Qd6+ Re7
36.bxc6 Qc7 37.Qxd5 Rxe5 38.dxe5 Ke7 39.f4 a4 40.f5 b5 41.f6+ Kf8 42.Qd7 Qxe5
{#r} 1-0

[Event "PSS Prestige Rapid 2017"]
[Site "Johannesburg RSA"]
[Date "2017.04.22"]
[Round "3.11"]
[White "Paiva,Donaldo"]
[Black "Steyn,H"]
[Result "1-0"]
[WhiteElo "2159"]
[BlackElo "1820"]

1.d4 Nf6 2.c4 g6 3.Nc3 Bg7 4.e4 d6 5.Nf3 O-O 6.Be2 e5 7.O-O Nc6 8.d5 Ne7 9.b4
Nh5 10.Re1 f5 11.g3 Nf6 12.Ng5 fxe4 13.Ngxe4 Nf5 14.Bf1 a5 15.bxa5 Rxa5 16.Bd2
Ra8 17.Bg2 b6 18.a4 Ba6 19.Ng5 Bc8 20.Nb5 h6 21.Ne6 Bxe6 22.dxe6 Rc8 23.Na7
Ra8 24.Nc6 Qe8 25.Bd5 Nxd5 26.cxd5 Ne7 27.Nxe7+ Qxe7 28.Qc2 Ra7 29.Qxg6 Rf6
30.Qc2 Qf8 31.Be3 Qa8 32.Qc4 Rf5 33.Qe4 Rf6 34.Rec1 Rxe6 35.Rc4 Re7 36.Rac1
Qe8 37.a5 Rxa5 38.Rxc7 Rxc7 39.Rxc7 Ra1+ 40.Kg2 Qb8 41.Rc6 b5 42.Qg4 Ra8
43.Bxh6 Qf8 44.Rc7 {#r} 1-0

[Event "PSS Prestige Rapid 2017"]
[Site "Johannesburg RSA"]
[Date "2017.04.22"]
[Round "3.12"]
[White "Sadie,Johan Jacobus Hendrik"]
[Black "Oberholzer,Francois"]
[Result "0-1"]
[WhiteElo "1709"]
[BlackElo "2034"]

1.d4 Nf6 2.Nf3 c5 3.d5 e6 4.c4 exd5 5.cxd5 d6 6.Nc3 g6 7.g3 Bg7 8.Bg2 O-O
9.O-O Nbd7 10.Bf4 Qe7 11.Nd2 Nh5 12.Be3 Ne5 13.h3 a6 14.a4 Rb8 15.Nce4 f5
16.Bg5 Qc7 17.Nc3 h6 18.Be3 Qe7 19.Qc2 g5 20.Nf3 Nxf3+ 21.Bxf3 Nxg3 22.Rfe1 f4
23.Bxc5 dxc5 24.fxg3 Qe3+ 25.Kg2 fxg3 26.Kxg3 Bf5 27.Ne4 Qf4+ 28.Kg2 Rbe8
29.e3 Qh4 30.Qf2 Qxh3+ 31.Kg1 Bxe4 {#R} 0-1

[Event "PSS Prestige Rapid 2017"]
[Site "Johannesburg RSA"]
[Date "2017.04.22"]
[Round "3.13"]
[White "Jonker,Waldo"]
[Black "Longano,Michael Nicholas"]
[Result "0-1"]
[WhiteElo "1640"]
[BlackElo "2006"]

1.d4 g6 2.Bf4 d6 3.Nc3 Bg7 4.e4 a6 5.Qd2 b5 6.a3 Bb7 7.h4 h6 8.Nf3 Nd7 9.Be2
c5 10.d5 Ngf6 11.e5 dxe5 12.Nxe5 b4 13.axb4 cxb4 14.Na4 Nxd5 15.Nxd7 Qxd7
16.Nc5 Qc6 17.Nxb7 Bxb2 18.Na5 Qe6 19.O-O Bc3 20.Qxd5 Qxd5 21.Bf3 Qf5 22.Bc6+
Kf8 23.Bxa8 Bxa1 24.Rxa1 Qxf4 25.Nb3 Qc4 26.Rxa6 Qxa6 {#R} 0-1

[Event "PSS Prestige Rapid 2017"]
[Site "Johannesburg RSA"]
[Date "2017.04.22"]
[Round "3.14"]
[White "Manan,Yoboue Hermann"]
[Black "Shlaka,Nizar"]
[Result "1-0"]
[WhiteElo "2072"]
[BlackElo "1826"]

1.e4 c5 2.Nf3 d6 3.d4 cxd4 4.Nxd4 Nf6 5.Bd3 g6 6.O-O Bg7 7.c3 O-O 8.Qe2 Nc6
9.Nxc6 bxc6 10.f3 Be6 11.Be3 Qc7 12.Nd2 Rab8 13.Nb3 a5 14.Nd4 Bd7 15.Qc2 e5
16.Nb3 d5 17.Nc5 Ra8 18.Qa4 Rfd8 19.Rad1 dxe4 20.Bxe4 Nd5 21.Bf2 Be8 22.Qc4
Nf4 23.Bh4 Rdb8 24.g3 Nh3+ 25.Kg2 g5 26.Kxh3 gxh4 27.b3 Qc8+ 28.g4 Bf8 29.Bf5
Qc7 30.b4 Bg7 31.Nd7 h6 32.Nxb8 Rxb8 33.Bc2 Qb6 34.Qd3 c5 35.Qd6 Qb5 36.Be4
Qb7 37.Rd5 Qa7 38.Qxc5 Qa6 39.Rd8 Qe6 40.Bf5 Bf8 41.Bxe6 Bxc5 42.Rxe8+ {#r}
1-0